00450 2200181 4500001002100000005001500021008004100036020002200077035001900099041000700118082001000125090001600135100001100151245002300162260003100185300003100216650002100247INLIS00000000002284220241224131353241224||||||||| | ||| |||| || |  a978-979-010-467-9 0010-1224022842 aid0 a676.2 a676.2 IRW b0 airaone00aBin Bon dan Kertas aJakartabBUMI AKSARA GROUP a23 hlm, ilus, 25,5 x 20 cm 0abuku cerita anak